00292nam a2200121Ia 4500008004100000041001200041082001100053100001500064245006700079260000600146650000600152700001200158221030s9999 xx 000 0 und d aEnglish a105.23 aJ. Millman 0aPulse, Digital and Switching Waveformscby J. Millman, H. Taub c0 aB aH. Taub